00442nam a2200133Ia 45000010005000000080041000050820022000461000076000682450091001442600024002355900007002599010027002669990015002932757241024s9999 xx 000 0 und d aRD/352/R426o/7-99 aRepública Dominicana. Secretaría de Estado de Educación y Cultura 0aOrdenanza 7'99, que establece el curruculum de la licenciatura en Educación Básica bSanto Domingoc1999 asi a15/1/2013 2:47:00 p.m. c9427d9427